000 00490nam a2200181Ia 4500
001 71761
008 160401s9999 xx 000 0 und d
020 _a9780300123005
040 _cPK-LaUMT
082 _a 956.054
_bMUA-A
100 _aMuasher, Marwan
245 4 _aThe Arab center
_bthe promise of moderation
_cMuasher, Marwan
260 _aNew Haven,USA:
_bYale University Press,
_c2008
300 _a312 p.
546 _aEN
650 _aJordan-Politics and government
942 _cBK
999 _c84768
_d84768